000 00593cam a22002291 4500
001 sa 67001384
003 DLC
005 20260227112322.0
008 881102s1965 xx 000 0 hino
010 _asa 67001384
035 _a(OCoLC)23539313
040 _aDLC
_cMiU
_dDLC
042 _apremarc
050 0 0 _aPK1939
_b.R3
100 2 _aRaman Nair, N.
245 1 0 _aHindiyilēykkȧ.
260 _a[Kothamangalam?
_c1965]
300 _a216, iv p.
_c18 cm.
500 _aRomanized.
650 0 _aHindi language
_xTextbooks for foreign speakers
_xMalayalam.
740 0 _aHindī kī ora.
999 _c72587
_d72587